000 00496pam a2200181 a 4500
020 _a8180612945
_c250.00
041 _aeng
_hNULL
082 _a618.2
_bKOT/SAL
100 _aKOTDAWALA, P .
245 _aADOLESCENT GIRL AN UPDATE /
_cNULL.
_hTextual Documents
260 _aNULL :
_bJAYPEE BROTHERS MEDICAL PUB. ,
_c2004.
300 _a269 :
_bX ;
_cNULL .
365 _a250.00
700 _aSALVI, V .
_aKRISHNA, V .
930 _a1653
999 _c796189
_d796189
650 _aOBST.GYNE